000 00233nam a2200097Ia 4500
008 190216s9999||||xx |||||||||||||| ||und||
100 _aVogal
245 0 _aMacro & Semimicro Qualitativw Inorganic Analysis
260 _bNull
942 _cBK
999 _c1941
_d1941